A book of English essays (W/O vide BOO on 1985-86) (Record no. 243415)

000 -LEADER
fixed length control field 00282 a2200109 4500
001 - CONTROL NUMBER
control field 8342
003 - CONTROL NUMBER IDENTIFIER
control field NUST
005 - DATE AND TIME OF LATEST TRANSACTION
control field 20180118190454.0
008 - FIXED-LENGTH DATA ELEMENTS--GENERAL INFORMATION
fixed length control field 180118b xxu||||| |||| 00| 0 eng d
082 ## - DEWEY DECIMAL CLASSIFICATION NUMBER
Classification number 808.84 WIL
100 ## - MAIN ENTRY--PERSONAL NAME
Personal name Williams, W E
9 (RLIN) 8978
245 ## - TITLE STATEMENT
Title A book of English essays (W/O vide BOO on 1985-86)
Medium English
260 ## - PUBLICATION, DISTRIBUTION, ETC.
Name of publisher, distributor, etc. Penguin
Place of publication, distribution, etc. 1963
942 ## - ADDED ENTRY ELEMENTS (KOHA)
Institution code [OBSOLETE] NUST-CAE
Koha item type Book
-- Book
Call number prefix 808.84 WIL
Source of classification or shelving scheme
Holdings
Withdrawn status Lost status Damaged status Not for loan Collection code Permanent Location Current Location Date acquired Total Checkouts Full call number Barcode Date last seen Price effective from Koha item type
          College of Aeronautical Engineering (CAE) College of Aeronautical Engineering (CAE) 04/03/2017   808.84 WIL CAE8708 04/05/2017 04/05/2017 Book
© 2023 Central Library, National University of Sciences and Technology. All Rights Reserved.